Food - Statistics

General Stats
  • This quiz has been taken 19 times
  • The average score is 8 of 10
Answer Stats
Picture Answer % Correct
Italian
100%
Mexican
100%
Chinese
93%
Japanese
93%
American
87%
French
73%
Greek
73%
Thai
67%
Korean
47%
Indian
33%
No matching quizzes found
Score Distribution
Percent of People with Each Score
Percentile by Number Answered
Your Score History
You have not taken this quiz